00650nam a2200193 i 450000100060000000300080000600500170001400800410003103500190007204000320009104100110012308200200013424500920015426000350024630000500028150400410033160000600037270000240043224162BD-RjUL20211209001021.0140312s1974 gw af b 000 0 eng  a(BD-RjUL)24228 aDLCcDLCdDLCdBD-RjULbeng1 aengger04a923.2bIMM 197400aImmanuel Kant, 1724-1974 :bKant as a political thinker /cedited by Eduard Gerresheim. aBonn :bInter Nationes,c1974. a79 p., [7] leaves of plates :bill. ;c24 cm. aIncludes bibliographical references.10aKant, Immanuel,d1724-1804xPolitical and social views.1 aGerresheim, Eduard.